000 00690nam a22001817a 4500
003 UA-OsUOA
001 15750
007 ta
008 20031206b un ||||| |||| 00| 0 ukr d
100 _aДовгалюк Л. І.
942 _cSA
040 _aUA-OsUOA
_cUA-OsUOA
_dUA-OsUOA
245 _a"Оранта" захистить і збереже: [Про роботу Костопіл. від-ня НАСК "Оранта" розповідає його начальник Л. І. Довгалюк]
300 _aС.4
955 _a0
773 0 _w0
_tВічеве слово
_dКостопіль
_d2003
_g№47/ 22 листоп./
650 7 _aКраєзнавча робота
_2UDC
999 _c301915
_d301915